Albanie - Statistiques

Statistiques générales
  • Ce quiz a été pris 406 fois
  • Le résultat moyen est 9 sur 13
Statistiques - réponses
Question Réponse % Correct
Quelle est sa capitale ? Tirana
99%
Quelle est la langue officielle ? albanais
92%
Au sud, quel est le pays voisin ? Grèce
92%
Au nord-est, quel est le pays voisin ? Kosovo
91%
Au nord, quel est le pays voisin ? Monténégro
90%
A l'est, quel est le pays voisin ? Macédoine
89%
Elle possède une façade maritime à l'ouest, bordée par la mer .... Adriatique
75%
Par quel pays a t'il été occupé en 1939 ? Italie
75%
Quelle est sa devise ? lek
53%
En quelle année le pays est-il devenu indépendant ? 1912
50%
.... et la mer .... ionienne
44%
Comment surnomme-t-on ce pays ? pays des aigles
31%
Quel traité a définitivement fixé les frontières du pays en 1919 ? Versailles
23%
Aucun quiz correspondant
Distribution des résultats
% des personnes avec chaque résultat
Percentile par nombre de réponses
Votre historique - résultats
Vous n’avez pas pris ce quiz